000
00335nam a2200145Ia 4500
008
090707b ii f a fnsan d
040
_a
RCL
100
_a
Thapar, Prithvi Raj
_9
4891
245
_a
Punjabi Vartak:
_b
Punar Vichar
260
_a
Delhi
260
_b
Manpreet Prakashan
260
_c
2012
300
_a
144p.
942
_c
BK
999
_c
23697
_d
23697